Julie Andrews Characters - Statistics

General Stats
  • This quiz has been taken 24 times
  • The average score is 4 of 26
Answer Stats
Movie Character % Correct
Mary Poppins Mary Poppins
100%
The Sound of Music Maria Von Trapp
63%
Thoroughly Modern Millie Millie Dillmount
21%
The Princess Diaries (1&2) Queen Clarisse Renaldi
21%
STAR! Gertrude Lawrence
17%
Eloise (at the Plaza & at Christmastime) Nanny
17%
The Pink Panther Strikes Again (singing voice only) Ainsley Jarvis
13%
The Americanization of Emily Emily Barham
13%
That's Life! Gillian Fairchild
13%
Aquaman Karathen
13%
SOB Sally Miles
13%
Torn Curtain Sarah Louise Sherman
13%
Victor/Victoria Victoria Grant
13%
Little Miss Marker Amanda Worthington
8%
Our Sons Audrey Grant
8%
One Special Night Dr. Catherine Howard
8%
On Golden Pond Ethel Thayer
8%
Relative Values Felicity Marshwood
8%
Hawaii Jerusha Hale
8%
The Tamarind Seed Judith Farrow
8%
Darling Lili Lili Smith
8%
The Man Who Loved Women Marianna
8%
A Fine Romance Pamela Piquet
8%
The Singing Princess (voice only) Princess Zeila
8%
10 Samantha Taylor
8%
Duet for One Stephanie Anderson
8%
No matching quizzes found
Score Distribution
Percent of People with Each Score
Percentile by Number Answered
Your Score History
You have not taken this quiz